000
00258nam a22001217a 4500
008
170929b xxu||||| |||| 00| 0 eng d
041
_a
eng
080
_a
37
100
_a
47
101
_a
EDU
245
_a
A WRITER'S RESOURCE
_c
MAIMON,E.P
942
_2
udc
_c
BK
999
_c
30767
_d
30767